| 000 | 01182nam0a22003251 4500 | ||
|---|---|---|---|
| 001 | v19\rc\2003227 | ||
| 005 | 20260405153020.0 | ||
| 035 | _a(NLR Aleph) 005078646 | ||
| 090 |
_a7172674 _c7172674 |
||
| 100 | _a20080811d1915 u y0rusy50 ca | ||
| 101 | 0 | _arus | |
| 102 | _aRU | ||
| 105 | _aa z |||c| | ||
| 200 | 1 |
_aСлавянский мученик Ян Гус из Гусинца _eК 500-летию со дня его кончины _eОбщедоступ. очерк В.Н. Кораблева |
|
| 210 |
_aПетроград _cтип. В.Д. Смирнова _d1915 |
||
| 215 |
_a55 с., 1 л. фронт. (ил.) _d21 |
||
| 700 | 1 |
_8rus _7ca _aКораблев _bВ. Н. _f1873-1935 _gВасилий Николаевич _3RU\NLR\AUTH\7764056 _946985 |
|
| 702 | 1 |
_4570 _8rus _7ca _aГус _bЯ. _f1369-1415 _gЯн _3RU\NLR\AUTH\7757598 _940530 |
|
| 801 | 0 |
_aRU _bNLR _gpsbo |
|
| 801 | 0 |
_aRU _bRuMoRGB _2psbo |
|
| 801 | 1 |
_aRU _bProSoft-M _2rusmarc |
|
| 801 | 2 |
_aRU _bNLR _c20140514 _2rusmarc |
|
| 852 |
_aNLR _j37.74.5.122 |
||
| 899 |
_aRuMoRGB _jU 425/302 |
||
| 899 |
_aRuMoRGB _jЯ 57/376 |
||
| 899 | _aБАН | ||
| 899 | _aНБ СПбГУ | ||
| 899 | _aГПИБ | ||
| 942 | _cBOOK | ||
| 980 | _aNB | ||